[Event "ROM-chT"]
[Site "Calimanesti"]
[Date "2014.11.13"]
[Round "6.5"]
[White "Hracek, Zbynek"]
[Black "Marin, Mihail"]
[Result "0-1"]
[WhiteElo "2636"]
[BlackElo "2581"]
[Annotator "Marin,M"]
[PlyCount "60"]
[EventDate "2014.11.08"]
[EventType "team-tourn"]
[EventRounds "9"]
[EventCountry "ROU"]
[SourceTitle "EXT 2015"]
[Source "ChessBase"]
[SourceDate "2014.11.20"]
[SourceVersion "1"]
[SourceVersionDate "2014.11.20"]
[SourceQuality "1"]
[WhiteTeam "Timisoara Luxten"]
[BlackTeam "Bucharest Apa Nova"]
[WhiteTeamCountry "ROU"]
[BlackTeamCountry "ROU"]

{Early October I gave ChessBase an interview in which I talked about my
perennial love for the Pirc defence and my DVDs about this opening. However,
after the interview I was slightly frustrated. First of all, I could not
remember when I had last played the Pirc - according to the database I had
played it once in 2011 and twice in 2009, which does not at all make me look
like a regular Pirc player! So my secret question to myself was whether I
could reconnect with the Pirc more tightly. Secondly, I was surprised that I
had problems naming my best game ever with the Pirc, and had to consult the
database for a selection of my best three games with the Pirc! Had I grown
that old, was I already doomed to think of the Pirc as a lost love of my
youth? A few days after the interview was published I started to play in the
Isle of Man tournament. Pairing offered me an 1.e4 player as my first round
opponent (the experienced IM Yochanan Afek, one of my regular breakfast table
colleagues). I decided time had come to put an end to my fears and
frustrations and played the Pirc. I won with a mating combination in a
queenless position, but shortly before that my situation was critical. A month
later I played in the Romanian team championship. I had my first 1.e4 game
with black in the sixth round, against my theoretically strongest opponent,
Zbynek Hracek, who played for the big favourite AEM Timisoara. Things had gone
rather well in the previous rounds (At that time I had 4,5 out of 5 on second
board) so I thought this was a good opportunity to give the Pirc a new try. I
was also animated by the idea of using a plan recommended on my "Aggressive
Pirc"-DVD, leading to sharp, uncompromising play.} 1. e4 d6 2. d4 Nf6 3. Nc3 g6
4. Be3 Bg7 $5 ({In an older game against Zbynek I had played} 4... c6) 5. Qd2
O-O {[#]I had never played this before, but as explained on the DVD it makes
some sense to delay committal pawn moves at this stage.} 6. O-O-O ({The game
with Afek went} 6. Be2 e5 7. dxe5 dxe5 8. O-O-O Qxd2+ 9. Rxd2 Nc6 10. Nf3 b6
11. h3 Bb7 12. Rhd1 Rfe8 13. Bc4 Na5 14. Bb5 c6 15. Bf1 b5 {After the game my
opponent confessed he was impressed by my creative approach over the last few
moves, but I was not too proud of my play.} 16. b4 Nc4 17. Bxc4 bxc4 18. g4 a5
19. bxa5 Bf8 20. g5 Ba3+ 21. Kb1 Bb4 22. gxf6 Bxc3 23. Rd6 $2 (23. Rd7 $1 {
would offer White an advantage.}) 23... Rxa5 24. Rd7 {[#]} Rxa2 $1 {0-1 (24)
Afek,Y (2287)-Marin,M (2583) Douglas 2014}) 6... c6 7. f3 b5 8. h4 ({The next
day Zbynek asked me: "What would you have played after} 8. Bh6 {? In the
database White has won almost all the games with it!" Indeed, this is the
critical continuation and the main variation on my DVD.}) 8... b4 ({As a
general rule, I mentioned ...h7-h5 as the best reply against h2-h4, whenever
the h7-pawn is not blocked. This may happen if White does not play Bh6 at all,
or if he exchanges on g7 prematurely. But during the game I understood that I
should make some developing moves before carrying out the mentioned plan. If} 
8... h5 $6 {I was worried of} 9. e5 {, driving the knight away from the
control of the h5 and g4-squares, when the insertion of the moves h2-h4 and ...
h7-h5 offers White chances for taking over the kingside initiative. One of my
lines went} b4 10. exf6 bxc3 11. Qxc3 exf6 12. g4 hxg4 13. h5) 9. Nce2 ({
I considered} 9. Nb1 {to be better. After} Qa5 {White could transpose to the
DVD main lines with 10.Bh6, while} 10. a3 $2 {could lead to trouble:} c5 11.
dxc5 dxc5 12. e5 Nfd7 13. Qd5 $2 {[#]For an experienced player, this is
obviously too hazarduous, but since it more or less wins a rook, I had to look
for an adequate way to react:} Nxe5 14. Qxa8 Nbc6 {The queen will be trapped
while the queenside attack looks very dangerous.}) 9... Qa5 10. Kb1 ({Once
again,} 10. a3 $2 {is an invitation to troubles:} c5 11. dxc5 dxc5 12. e5 Nfd7
13. Qd5 bxa3 $1 {threatening ...a3-a2-a1=Q.}) 10... h5 $1 {Finally the
thematic way of stopping the kingside attack and, as I found out from Zbynek,
a novelty!} 11. Nc1 Nbd7 12. Nh3 c5 13. Ng5 {The knight stands nicely here, it
puts some pressure on f7, but it does not contribute to the thematic attack
based on g2-g4. Moreover, it prevents Be3-h6.} Rb8 {I wanted to over-protect
the b4-pawn in an anticipation of ...cxd4 or ...Qc7 folowed by ...c5-c4.} ({But
} 13... cxd4 14. Bxd4 Rb8 {would have been a somewhat simpler and more
restrictive continuation.}) 14. Nb3 {White rightly decides time had come for
giving play a concrete character. White is slightly better developed, but
strategiclly Black is doing great.} ({If} 14. Be2 $5 Qc7 {(threatening ...
c5-c4)} 15. dxc5 Nxc5 {followed by ...a5-a4 Black has dangerous queenside play.
}) 14... Qc7 15. dxc5 dxc5 16. Bc4 ({The main alternative was} 16. Bf4 Ne5 (
16... e5 17. Be3 c4 18. Nc1 c3 19. Qd6 {would offer White the more pleasant
play in the queenless middlegame.}) 17. Bc4 Nfd7 18. Bxf7+ $5 Rxf7 19. Qd5 Qb6
20. Nxf7 e6 {[#]} 21. Qxe5 $5 {The oly chance to keep fighting for the
initiative.} Nxe5 22. Nxe5 Qc7 23. Nxg6 e5 24. Bg5 Kh7 25. Ne7 c4 {The
situation has turned around. White is better strategically, but Black's
queenside attack should not be undereestimated.}) 16... Nb6 $5 (16... Ne5 17.
Bf4 {would transpose above.}) 17. Qe2 ({White could have tried an immediate
tactical solution:} 17. Bxf7+ Rxf7 18. Bf4 e5 19. Qd8+ Qxd8 20. Rxd8+ Rf8 21.
Rxf8+ Kxf8 22. Bxe5 Ra8 23. Nxc5 Nc4 {with a complicated ending with three
white pawns for a bishop.}) ({On the next day, Zbynek suggested} 17. Qd3 {
as somewhat better, although he admitted that it would not have changed
anything essentially.}) 17... Nfd7 {Clearing the long diagonal, defending c5
and bringing the reserve knight closer to the blocking c4-square.} 18. f4 {
White starts an ambtious central expansion. After the predictable e4-e5, he
will have all sorts of tactical threats, such as e5-e6 or sacrifices on f7
followed by e5-e6. The drawback of this plan is weakening the light g4- and
f5-squares as well as the fact that it inevitably opens the long diagonal for
the Pirc bishop.} a5 $1 {I was happy to discover that I could start my attack
without the preparatory move ...Rb8-a8.} 19. e5 {This move was accompanied by
a draw offer. My opponent started being short of time and he might have felt
uncomfortable about the position, too.} ({The a5-pawn is posioned:} 19. Nxa5
Nxc4 20. Nxc4 Ba6 {followed by ...Nb6 with a decisive weakening of the white
queenside.}) 19... a4 {I took quite some time before playing this natural move.
} 20. Na1 {During my opponent's relatively long thought, I was mainly afraid
of this paradoxic move. The knight is awfully placed in the corner, but this
is the only continuation against which I could not find a forced win.} ({
When thinking of my previous move I was initially afraid of} 20. Na5 {, until
I discovered that} Nxc4 21. Nxc4 Ba6 {is more or less winning.} 22. e6 Nb6 23.
exf7+ Rxf7 24. b3 ({I did not see from the beginning that after} 24. Nxf7 Bxc4
25. Qf2 {I could play} Bxf7) 24... axb3 $1 {This is another important aspect:
Blac can clear the a4-square for the knight.} 25. cxb3 ({Or} 25. axb3 Nxc4 26.
bxc4 Qa5) 25... Bxc4 26. bxc4 Na4 {with a winning attack in both cases.}) ({
My dream variations were} 20. Nc1 Nxe5 21. fxe5 Nxc4 22. Qxc4 Qxe5 $19 {and}) (
20. Nd2 Nxe5 21. fxe5 Qxe5 $19 {In these lines White can sadly not defend with
Be3-c1, while his last move llows it.}) 20... a3 {It was a bit painful to
release the knight from its cage, but getting short of time, too, I decided
that the weakening of the white castle would give me excellent practical
chances.} ({It appears that the thematic sacrifice} 20... Nxe5 {was strong
anyway:} 21. fxe5 Nxc4 22. Qxc4 Qxe5 23. Bc1 {[#]Apparently White has mor eor
lss consolidated, but I have underestimated the next killer:} b3 $1 24. axb3 (
24. cxb3 {weakens the b1-h7 diagonal:} Bf5+ 25. Nc2 axb3 26. axb3 Rb4 27. Qd5
c4 28. Qxe5 Bxe5 29. bxc4 Rxc4 $19) 24... a3 25. Rhe1 Ra8 $3 {Threateing ...a2
mate!} 26. c3 a2+ 27. Kc2 Bf5+ 28. Ne4 Rad8 $17 {The attack is very much on
and the a1-knight is hopeless.}) ({Anotherpossible move order was} 20... b3 21.
axb3 (21. cxb3 Nxe5 22. fxe5 Nxc4 23. Qxc4 Bf5+) 21... a3 {The merit of these
lines is that they avoid freeing the knight.}) 21. Bxf7+ ({I had mainly
calculated} 21. Nb3 Nxe5 22. fxe5 Qxe5 23. Bc1 axb2 24. Bd2 Bg4 {Black has
three pawsn for a knight, good ttacking chances even after the exchange of
queens. On top, he will inevitably gain some material.}) ({Or if} 21. e6 axb2
22. Nb3 Na4 {Black's attack is quicker.}) 21... Rxf7 22. Nxf7 Kxf7 {I still
had more time than my opponent and decided to play simple chess.} ({With a bit
more of time I might have found the immediate win:} 22... axb2 $1 23. Nb3 Qa7
$3 24. Ng5 Qa3 {followed by ...Ra8 or maybe even ...Qxa2+, with similar ideas
as in my game against Afek.}) 23. e6+ Kg8 24. exd7 Bxd7 {[#]Black is an
exchange down, but he threatens to rtrieve it with ...Bg4. Strategically, he
has achieved a dream position and his queenside attack is just about to start.
Summing up, I thought I would be dissapointed if I did not win it.} 25. Nb3 Bg4
26. Qb5 axb2 27. Bxc5 ({I planned to meet} 27. Qxc5 {with} Nc4 $1 {threatening
...Na3 mate.}) 27... Kh7 $6 {Slightly inaccurate, but keeping the advantage
anyway.} ({I calculated} 27... Bxd1 28. Rxd1 Nd5 29. Qc4 {but stopped one move
too early.[#]Black could unpin his knight with} e6 $1 {reneweing the threat of
...Nc3, winning.}) 28. Bxb6 ({Black retains a strong attack after the
relatively better} 28. Bd4 {, too:} Nc4 29. Qc5 Qxc5 30. Nxc5 Rd8 31. Bxg7 Bxd1
32. Bxb2 Rd2) 28... Rxb6 29. Qa5 $2 {Alogical move which made me fear for a
while that I might have to simplify to just a mor epleasant ending.} (29. Qc5 {
would have been a bit more stubborn without really solving White's problems:}
Rc6 30. Qf2 Bf5 31. Rd3 (31. Rd2 Rc3 32. Re1 Rxb3 33. axb3 Qa5 $19) 31... Qc8
$3 32. Rhd1 Rc7 {followed by ...Qa6, ...Ra7}) 29... Bxd1 $1 {Over the past few
moves I was not interested in giving up my bishop, fearing that at some point
White could get some counterplay with f4-f5. But I was lucky to find out with
a few minutes on my clock that now was a perfect moment to weaken White's back
rank.} 30. Rxd1 {[#]} Rd6 $1 {An elegant unpinning move, creating imparable
back rank threats.} (30... Rd6 31. Re1 (31. Qxc7 Rxd1+) (31. Rd3 Rxd3 32. cxd3
Qc3) 31... Qd7 {followed by ...Rd1+. This game leveled my personal score with
Zbynek, 24 years after our first encounter. It also brought me again over the
2600 rating barrier. I now feel able to consider myself a Pirc player again
and I might face less problems mentioning my favourite win with this opening
if asked again! Finally, I find it always nice to prove to my readers that I
do believe in the plans and lines I recommend in my articles and videos. If
some of them is mistaken, I would not mind out fidning it out on my own skin,
in order to operate some adjustments and warn the readers about it!}) 0-1

[Event "EU-chT (Men) 19th"]
[Site "Warsaw"]
[Date "2013.11.17"]
[Round "9.7"]
[White "Efimenko, Zahar"]
[Black "Skoberne, Jure"]
[Result "1-0"]
[WhiteElo "2657"]
[BlackElo "2573"]
[Annotator "Marin,M"]
[PlyCount "53"]
[EventDate "2013.11.08"]
[EventType "team-swiss"]
[EventRounds "9"]
[EventCountry "POL"]
[SourceTitle "CBM 158"]
[Source "ChessBase"]
[SourceDate "2014.01.16"]
[SourceVersion "1"]
[SourceVersionDate "2014.01.16"]
[SourceQuality "1"]
[WhiteTeam "Ukraine"]
[BlackTeam "Slovenia"]
[WhiteTeamCountry "UKR"]
[BlackTeamCountry "SLO"]

1. e4 d6 2. d4 Nf6 3. Nc3 g6 4. Be3 c6 5. Qd2 ({Nowadays, I would be more
worried about} 5. h3 Bg7 6. f4) 5... Qc7 $5 ({The old approved move is} 5... b5
{, but I have always had my doubts whether this doesn't just offer White an
early target.}) ({Therefore, I analysed the (then) rare} 5... Nbd7 {Since then,
I have played a couple of dozen games and I notice that my move order has
become very popular. I have never considered the game move. In fact, my plans
for the queen were different, for instance} 6. O-O-O e5 7. Nf3 Qe7 {keeping
the queen close to the kingside.}) 6. O-O-O Nbd7 7. Nf3 ({There is quite a
bunch of games with} 7. f3 b5 {I am not entirely sure if the queen stands well
on c7, I need to look at it closer. If allowed, Black would probably play ...
Bb7 and ...0-0-0, with an excellent position. In the only games with very
strong white players, things developed more forcefully than that, but Black
could have avoided problems with just a bit of accuracy:} 8. d5 (8. Bh6 Bxh6 9.
Qxh6 Bb7 10. Nh3 {Yudasin,L (2575)-Wolff,P (2500)/New York 1990/CBM 016 ext 
(1-0, 41)} b4 11. Ne2 c5 $132) 8... a6 (8... b4 $1 9. dxc6 bxc3 10. cxd7+ Nxd7
11. Qxc3 Qxc3 12. bxc3 Bg7 13. Bd4 O-O 14. Bc4 Rb8 {[%cal Gg7h6]} 15. Bxg7 Kxg7
16. Ne2 Nb6 17. Bb3 a5 18. a4 Ba6 $15) 9. dxc6 Qxc6 10. Nge2 Bb7 11. Nd4 Qc7
12. g4 Rc8 (12... b4 $5) 13. g5 b4 14. Ncb5 axb5 15. gxf6 Nxf6 16. Bxb5+ Nd7
17. e5 {1-0 Beliavsky,A (2460)-Kuzmin,G (2600)/Leningrad 1974/URS-ch. What a
crush! If} dxe5 {then} 18. Ne6 $1 $18) 7... b5 ({With the queen on c7, I do
not believe in} 7... e5 $6 8. Kb1 Bg7 9. Bh6 (9. h3 O-O 10. Bh6 {Skripchenko,A
(2456)-Fridman,D (2594)/playchess.com INT 2004/CBM 099 ext (1/2, 53)}) 9... O-O
10. h4 Bxh6 11. Qxh6 Ng4 12. Qd2 h5 13. Ng5 b5 14. f3 Ngf6 15. g4 $36 {
Pletanek,J (2275)-Sufiyarov,A/Decin 1997/EXT 1998 (1-0, 36)}) 8. e5 {This
active (and logical, I would say) move was played in the very few games which
reached this position.} (8. Bd3 {needs testing, of course. here are some
possible continuations:} {Since White's pieces are somewhat congested in the
centre, maybe it is possible to castle right into his opponent's fire:} Bg7 $5
(8... b4 {leads to sharp play.} 9. Na4 (9. Ne2 a5) 9... Rb8 (9... Qa5 10. b3
Ba6 11. a3 Bxd3 12. axb4 Nxe4 13. Qxd3 Qf5 14. Rhe1 Bg7) 10. e5 Nd5 11. exd6 (
11. Bh6 Qa5 12. b3 N7b6 $36) 11... Qxd6 12. h4 h5 13. Bg5 Bg7 14. Rhe1 O-O $13)
9. Bh6 O-O 10. h4 b4 11. Ne2 c5 $13 {[%csl Gd3]}) 8... b4 9. Ne2 $146 ({
The consequences of} 9. Nb5 {are not entirely clear. In principle, after the
opening of the queenside files Black should have compensation for the lost
pawn, but this needs very precise analysis.} cxb5 10. exf6 Nxf6 11. Bxb5+ Bd7
12. Bxd7+ (12. Qxb4 Bg7 13. Qc4 Qb6 14. Bxd7+ Nxd7 15. Rd3 O-O 16. Rb3 Qa5 17.
Kb1 $16 {Nguyen,A (2487)-Yrjola,J (2442)/Istanbul 2000/EXT 2001 (1-0, 41)})
12... Qxd7 13. Qxb4 Nd5 (13... a5 $5) (13... Bg7 $5) 14. Qa5 Nxe3 15. fxe3 Bh6
16. Rd3 O-O 17. Re1 Rfc8 18. Rc3 $14 {Calzetta Ruiz,M (2157)-Gual Pascual,A 
(2420)/Terrassa 1999/EXT 2001 (1/2, 31)}) 9... Nd5 10. Nf4 (10. exd6 Qxd6 $5) (
10. h4 Rb8 $3 {Directed against the king escaping to a1.} (10... Qa5 11. Kb1
Rb8 12. Ka1 c5 {may offer Black some play, but opening the centre so soon
looks risky.}) (10... dxe5 11. dxe5 Bg7 12. Bh6 $40) 11. h5 (11. Kb1 dxe5 12.
dxe5 Bg7 $132 13. Bh6 $2 Nc3+ $1) 11... Qa5 12. hxg6 (12. Kb1 Nc3+ $1) (12. a3
Nxe3 13. fxe3 g5 $5 $13 14. Nxg5 Bh6 15. Nf3 dxe5 $17) 12... fxg6 13. Qd3 Qxa2
14. Rxh7 Rxh7 15. Qxg6+ Kd8 16. Qxh7 Ba6 $13) 10... e6 {This is a bit too
sophisticated, maybe.} ({The simpler} 10... Nxe3 {(Why not take such a
bishop?!)} 11. Qxe3 dxe5 12. dxe5 e6 {looks worth a try.} 13. h4 (13. Bc4 Nb6)
13... Bg7 14. Re1 (14. h5 Nxe5) 14... Qb6 15. Qd2 Qa5 (15... h6 $5) 16. Kb1 (
16. Bc4 Nb6 17. Bb3 c5) 16... Nxe5 17. Nh5 gxh5 18. Qg5 O-O 19. Rxe5 Qd8 20.
Re1 Qf6 21. Ne5 Qxf2 22. Bd3 f5 $13) 11. Nxd5 cxd5 12. Bh6 ({The critical
continuation was} 12. Bb5 $1 {with far from clear consequences, though:} Rb8 (
12... Qa5 13. a4 $1 a6 14. Bc6 Rb8 15. Bg5) 13. Ba4 dxe5 14. Nxe5 (14. Bg5 $5
e4 15. Ne5 Bg7 16. Bf4 Qa5 17. Nxd7 Bxd7 18. Bxd7+ Kxd7 19. Bxb8 Rxb8 $44)
14... f6 15. Ng4 (15. Nd3 Bd6 16. h4 O-O 17. h5 (17. Bxd7 Bxd7 18. f4 {[%cal
Gh4h5]} b3 $5) (17. f4 Nb6 18. Bb3 a5) 17... g5 18. Bxd7 Bxd7 19. f4 b3 20.
axb3 Rxb3 21. Kb1 (21. fxg5 Bb5) 21... Rxd3 22. Qxd3 gxf4 $13) 15... Kf7 16. h4
Qa5 17. Bb3 h5 18. Nh6+ Bxh6 19. Bxh6 Qb5 20. Bf4 Rb6 {[%cal Ga7a5,Ga5a4]})
12... dxe5 13. Bxf8 Rxf8 $2 {This is hard to understand.} (13... Kxf8 $1 {
would have taken the king out of any danger.} 14. Qxb4+ (14. Qh6+ Kg8) 14...
Kg7 15. dxe5 Nxe5 $11 {/<=>} 16. Qd4 f6 17. h4 Nxf3 18. gxf3 Qb6) 14. dxe5 Nxe5
15. Nxe5 Qxe5 16. Bb5+ $40 Bd7 17. Rhe1 Qd6 18. Qxd5 Qxd5 19. Rxd5 $16 O-O-O (
19... Bxb5 20. Rxb5 a5 21. Ree5 $16) 20. Rc5+ Kb8 21. Re4 $16 {White wins a
pawn.} Bxb5 22. Rxb5+ Ka8 23. Rbxb4 Rd7 24. Rbd4 Rfd8 25. Rxd7 Rxd7 26. Re3 Kb7
27. Rd3 1-0